|
|
|
|
| LEADER |
00586cam a2200181ua 4500 |
| 020 |
|
|
|a 0-07-063577-3
|
| 020 |
|
|
|a 9780070635777
|
| 082 |
|
|
|a 954
|b KRI/I
|
| 100 |
0 |
|
|a Krishna Reddy,
|
| 245 |
0 |
0 |
|a Indian history : for the UPSC civil services preliminary examination /
|
| 250 |
|
|
|a 3rd ed.
|
| 260 |
|
|
|a New Delhi:
|b Tata McGraw-Hill,
|c 2007
|
| 300 |
|
|
|a 199p.
|
| 500 |
|
|
|a Includes index.
|
| 650 |
0 |
|
|a India-Histroy-Examinations
|
| 942 |
|
|
|c BK
|
| 999 |
|
|
|c 15060
|d 15060
|
| 952 |
|
|
|0 0
|1 0
|4 0
|6 954_000000000000000_KRI
|7 0
|9 15706
|a KUCL
|b KUCL
|d 2014-05-23
|l 0
|o 954 KRI/
|p 17295
|r 2017-03-09
|w 2014-05-23
|y REF
|